[Event "Moscow Smyslov-D"]
[Site "Moscow"]
[Date "2025.06.06"]
[Round "5"]
[White "Yukhman, Matvey"]
[Black "Lyadov, Denis Genn"]
[Result "1/2-1/2"]
[WhiteElo "1480"]
[BlackElo "1530"]
[PlyCount "69"]
[EventDate "2025.06.02"]
[EventType "swiss"]
[EventRounds "8"]
[EventCountry "RUS"]
[SourceTitle "CB29_2025"]
[SourceDate "2025.07.16"]
[SourceVersion "1"]
[SourceVersionDate "2025.07.16"]
[SourceQuality "1"]

1. Nf3 d5 2. d4 Nf6 3. c4 c6 4. g3 g6 5. Bg2 Bg7 6. Nc3 0-0 7. Qb3 Qb6 8. Qxb6 axb6 9. cxd5 Nxd5 10. Nxd5 cxd5 11. e3 Nc6 12. Bd2 Na5 13. 0-0 Nc4 14. Bc3 Bf5 15. Nd2 Nxd2 16. Bxd2 e6 17. Rfc1 Rfc8 18. Rxc8+ Rxc8 19. Rc1 Rxc1+ 20. Bxc1 Bb1 21. a3 Bd3 22. Bd2 Kf8 23. Bf1 Bxf1 24. Kxf1 Ke8 25. Bb4 h5 26. Ke2 Kd7 27. Kd3 f5 28. f4 Bf6 29. h4 b5 30. Kc3 Kc6 31. Bc5 b6 32. Bf8 Bh8 33. Kb4 Bf6 34. b3 Bd8 35. Kc3 1/2-1/2

[Event "Moscow Smyslov-D"]
[Site "Moscow"]
[Date "2025.06.02"]
[Round "1"]
[White "Yukhman, Matvey"]
[Black "Dyrul, Aleksandr Artemovic"]
[Result "1-0"]
[WhiteElo "1480"]
[BlackElo "1569"]
[PlyCount "101"]
[EventDate "2025.06.02"]
[EventType "swiss"]
[EventRounds "8"]
[EventCountry "RUS"]
[SourceTitle "CB29_2025"]
[SourceDate "2025.07.16"]
[SourceVersion "1"]
[SourceVersionDate "2025.07.16"]
[SourceQuality "1"]

1. d4 Nf6 2. c4 e6 3. Nf3 Bb4+ 4. Bd2 Bxd2+ 5. Nbxd2 d5 6. g3 b6 7. Bg2 Bb7 8. 0-0 0-0 9. Ne5 c5 10. cxd5 exd5 11. Rc1 Qe7 12. b3 Nbd7 13. Nxd7 Nxd7 14. Nf3 Rac8 15. dxc5 Nxc5 16. Nd4 Rfd8 17. Bh3 Ne6 18. Rxc8 Rxc8 19. e3 Qf6 20. Re1 h6 21. Qd2 Re8 22. Nxe6 fxe6 23. Bg2 Rc8 24. e4 dxe4 25. Bxe4 Bxe4 26. Rxe4 Qf5 27. Re2 Qb1+ 28. Re1 Qf5 29. a4 Kh8 30. Qd7 Rc2 31. Qd4 Rc8 32. h4 Rf8 33. Re4 Qf7 34. Qe3 Re8 35. Kg2 Qd7 36. g4 Qd5 37. f3 a5 38. Re5 Qc6 39. g5 Qc2+ 40. Kg3 h5 41. Rxe6 Rxe6 42. Qxe6 Qc7+ 43. Kh3 Qd8 44. g6 Qf8 45. Qd5 Qc8+ 46. Kg3 Qc7+ 47. f4 Qc3+ 48. Qf3 Qe1+ 49. Kh3 Qe6+ 50. f5 Qf6 51. Qa8+ 1-0